[Event "It (open)"]
[Site "masterchessopen.com Voronezh (Russia)"]
[Date "2009.06.12"]
[Round "1"]
[White "Lutsko Igor (BLR)"]
[Black "Andreikin Dmitry (RUS)"]
[Result "0-1"]
[WhiteElo "2373"]
[BlackElo "2648"]

1.d4 Nf6 2.c4 e6 3.Nc3 Bb4 4.e3 b6 5.Ne2 Bb7 6.a3 Be7 7.Nf4 d6 8.Be2 O-O 9.Bf3
c6 10.g4 d5 11.b3 Nbd7 12.g5 Ne8 13.cxd5 cxd5 14.h4 Nd6 15.Bg4 Rc8 16.Bb2 Re8
17.g6 hxg6 18.Nxe6 fxe6 19.Bxe6+ Kh8 20.Ne2 Nf8 21.Bxc8 Bxc8 22.Nf4 Bf5 23.h5
g5 24.Ng6+ Kh7 25.Ne5 Bf6 26.Rc1 Nd7 27.h6 g6 28.Rc6 Ne4 29.Qc1 Bxe5 30.dxe5
Ndc5 {#R} 0-1

[Event "It (open)"]
[Site "masterchessopen.com Heraklio (Greece)"]
[Date "2009.06.21"]
[Round "9"]
[White "Nikolaidis Konstantinos (GRE)"]
[Black "Girvalakis Spyridon (GRE)"]
[Result "1-0"]
[WhiteElo "2270"]
[BlackElo "2061"]

1.d4 Nf6 2.c4 e6 3.Nc3 Bb4 4.e3 b6 5.Ne2 Bb7 6.a3 Be7 7.d5 exd5 8.cxd5 O-O
9.g3 d6 10.Bg2 Re8 11.O-O Bf8 12.Nd4 Qd7 13.b4 c6 14.e4 cxd5 15.exd5 g6 16.Bg5
Bg7 17.Qd2 Na6 18.Rac1 Nc7 19.Nc6 Ba6 20.Rfe1 Nb5 21.Nb1 Nc7 22.a4 Rxe1+
23.Rxe1 Re8 24.Nc3 Rxe1+ 25.Qxe1 h6 26.Bf4 Bc4 27.Qd2 g5 28.Be3 Kh8 29.b5 Qf5
30.h3 Nfxd5 31.Nxd5 Nxd5 32.Bd4 Qb1+ 33.Kh2 Qg6 34.Bxg7+ {#r} 1-0

[Event "It (open)"]
[Site "masterchessopen.com Val Thorens (France)"]
[Round "1"]
[White "Brunner Nicolas (FRA)"]
[Black "Lemoine Thomas (FRA)"]
[Result "1-0"]
[WhiteElo "2421"]
[BlackElo "2016"]

1.d4 Nf6 2.c4 e6 3.Nc3 Bb4 4.e3 b6 5.Ne2 Ne4 6.Qc2 Bb7 7.a3 Bxc3+ 8.Nxc3 f5
9.b4 O-O 10.Bb2 d6 11.d5 Nxc3 12.Qxc3 e5 13.Bd3 Nd7 14.O-O Qe7 15.f4 e4 16.Be2
Nf6 17.h3 Bc8 18.Rf2 Bd7 19.g3 Qf7 20.Rg2 Qg6 21.Kf2 Kf7 22.Rag1 h5 23.Qd4
Rae8 24.Rc1 Rc8 25.c5 dxc5 26.bxc5 Rfd8 27.Ba6 Rb8 28.c6 Bc8 29.Bc4 Kf8 30.a4
Ne8 31.Be2 a5 32.Rd1 Ra8 33.Ba3+ Nd6 34.Rdg1 Qf7 35.g4 hxg4 36.hxg4 g6 37.Qh8+
Qg8 38.Qf6+ Ke8 39.Rh2 {#r} 1-0

[Event "It (cat.3)"]
[Site "masterchessopen.com Orel (Russia)"]
[Date "2009.07.02"]
[Round "7"]
[White "Platonov Evgeny (RUS)"]
[Black "Pendurin Evgeniy (UKR)"]
[Result "1-0"]
[WhiteElo "2337"]
[BlackElo "2106"]

1.d4 Nf6 2.c4 e6 3.Nc3 Bb4 4.e3 b6 5.Ne2 O-O 6.a3 Be7 7.g3 Bb7 8.d5 d6 9.Bg2
e5 10.O-O a5 11.e4 Nbd7 12.h3 Nc5 13.Be3 Ne8 14.b4 Nd7 15.Qc2 Bg5 16.f4 exf4
17.gxf4 Bh6 18.Nd4 g6 19.Nc6 Bxc6 20.dxc6 Ndf6 21.Rad1 Nh5 22.c5 axb4 23.axb4
bxc5 24.bxc5 Qh4 25.Nd5 Nhf6 26.Bf2 Qh5 27.cxd6 Nxd5 28.Rxd5 f5 29.d7 Nf6
30.exf5 Nxd5 31.Bxd5+ Kh8 32.Bd4+ Bg7 33.Qc3 Qh6 34.f6 {#r} 1-0

[Event "Memorial Karl Mala (open)"]
[Site "masterchessopen.com Frankfurt (Germany)"]
[Date "2009.07.19"]
[Round "7"]
[White "Riha Peter (GER)"]
[Black "Hahn Florian (GER)"]
[Result "0-1"]
[WhiteElo "1825"]
[BlackElo "2064"]

1.d4 Nf6 2.c4 e6 3.Nc3 Bb4 4.e3 b6 5.Ne2 Ne4 6.Qc2 Bb7 7.a3 Bxc3+ 8.Nxc3 f5
9.d5 Nxc3 10.Qxc3 O-O 11.b4 exd5 12.Bb2 Qf6 13.Qxf6 gxf6 14.Rd1 dxc4 15.Bxc4+
Kg7 16.O-O d6 17.Be6 Kg6 18.Rc1 Na6 19.Rfd1 Rfe8 20.Bc4 Re7 21.Bd3 h5 22.Rc4
Rg8 23.Rf4 Bc8 24.Bc4 Rf8 25.Rd5 Be6 26.Rdd4 Bxc4 27.Rxc4 Rfe8 28.Rf3 Re4
29.Rc1 R8e7 30.Rg3+ Kf7 31.Rh3 Kg6 32.Rg3+ Rg4 33.Rf3 h4 34.h3 Rge4 35.Kh2 c5
36.b5 Nc7 37.Rd1 Rd7 38.a4 Rxa4 {#R} 0-1

[Event "It (open) \"]
[Site "masterchessopen.com Chalkidiki (Greece)"]
[Date "2009.08.18"]
[Round "9"]
[White "Papadimitriou Loukas (GRE)"]
[Black "Liakos Dimitris (GRE)"]
[Result "1-0"]
[WhiteElo "2187"]
[BlackElo "2037"]

1.d4 Nf6 2.c4 e6 3.Nc3 Bb4 4.e3 b6 5.Ne2 Bb7 6.a3 Be7 7.d5 O-O 8.g3 d6 9.Bg2
Nbd7 10.O-O e5 11.h3 Ne8 12.e4 Bg5 13.f4 exf4 14.gxf4 Bh6 15.Nd4 g6 16.Qg4 Bg7
17.Be3 a5 18.b4 Nef6 19.Qh4 Re8 20.Qf2 Qe7 21.Rae1 axb4 22.axb4 Ba6 23.Qe2 Qf8
24.Qd3 Nh5 25.Ncb5 Bxb5 26.Nxb5 Rac8 27.Kh2 Re7 28.Bf3 Nhf6 29.Bf2 Bh6 30.Bg3
Qe8 31.Na7 Bg7 32.Nxc8 Qxc8 33.e5 Ne8 34.Bh4 f6 35.e6 Nb8 36.Ra1 Bh6 37.f5 g5
38.Rg1 {#r} 1-0

[Event "Ch Serbia (team) (1 league)"]
[Site "masterchessopen.com Vrnjacka Banja (Serbia)"]
[Date "2009.09.19"]
[Round "1"]
[White "Misojcic Miroslav (SRB)"]
[Black "Blagojevic Dragisa (MNE)"]
[Result "0-1"]
[WhiteElo "2232"]
[BlackElo "2545"]

1.d4 Nf6 2.c4 e6 3.Nc3 Bb4 4.e3 b6 5.Ne2 Bb7 6.a3 Be7 7.d5 O-O 8.g3 b5 9.cxb5
Nxd5 10.e4 Nxc3 11.Nxc3 a6 12.bxa6 Nxa6 13.Bg2 Nc5 14.O-O Ba6 15.Re1 Nd3
16.Re3 Nxc1 17.Rxc1 Qb8 18.Qxd7 Bc5 19.Rf3 Qxb2 20.Rb1 Qc2 21.Bf1 Bxf1 22.Rxf1
Rxa3 23.Qd3 Qxd3 24.Rxd3 Rb8 25.Rfd1 g5 26.e5 Rb4 27.Kg2 Kg7 28.f3 Rbb3 {#R}
0-1

[Event "Ch Finland (team) 2009/10"]
[Site "masterchessopen.com Finland"]
[Date "2009.09.20"]
[Round "2"]
[White "Johansson Jukka (FIN)"]
[Black "Sipila Vilka (FIN)"]
[Result "0-1"]
[WhiteElo "2115"]
[BlackElo "2072"]

1.d4 Nf6 2.c4 e6 3.Nc3 Bb4 4.e3 b6 5.Ne2 Bb7 6.a3 Be7 7.d5 d6 8.g3 b5 9.Bg2
bxc4 10.Qa4+ Nbd7 11.Qxc4 O-O 12.e4 Ne5 13.Qd4 c5 14.Qd1 exd5 15.exd5 Ba6
16.O-O Rb8 17.b4 Qc8 18.Qa4 Bc4 19.Bf4 Nfd7 20.Be3 Bf6 21.Rab1 Bd3 22.Rbc1 Nc4
23.Qd1 Nxe3 24.Qxd3 Nxf1 25.Ne4 Bb2 26.Rc2 c4 27.Qf3 Ne5 28.Qh5 Nd3 29.Bh3 Qd8
30.Rxc4 g6 31.Qh6 Bg7 32.Qh4 Qxh4 33.gxh4 f5 34.Nxd6 Nd2 35.Rc7 Be5 36.Rd7
{#R} 0-1

[Event "It (open)"]
[Site "masterchessopen.com Bad Wiessee (Germany)"]
[Date "2009.11.03"]
[Round "5"]
[White "Abraham Ingo Dr (GER)"]
[Black "Chernyshov Konstantin (RUS)"]
[Result "0-1"]
[WhiteElo "2235"]
[BlackElo "2555"]

1.d4 Nf6 2.c4 e6 3.Nc3 Bb4 4.e3 b6 5.Ne2 Bb7 6.a3 Be7 7.d5 O-O 8.g3 b5 9.b3
bxc4 10.bxc4 Na6 11.Bg2 Nc5 12.O-O Rb8 13.a4 Ba6 14.Nb5 exd5 15.cxd5 Nxd5
16.Bxd5 c6 17.Bg2 cxb5 18.axb5 Rxb5 19.Qc2 Rb6 20.Rd1 Ne6 21.Ba3 Bxa3 22.Rxa3
Qe7 23.Rda1 Rc8 24.Nc3 Qb4 25.Rxa6 Rxa6 26.Rxa6 Rxc3 27.Qd1 Rc7 28.Qd5 Rc1+
29.Bf1 Nc7 {#R} 0-1

[Event "Ch Belarus"]
[Site "masterchessopen.com Minsk (Belarus)"]
[Date "2010.01.19"]
[Round "8"]
[White "Lutsko Igor (BLR)"]
[Black "Podolchenko Evgeniy (BLR)"]
[Result "0-1"]
[WhiteElo "2383"]
[BlackElo "2506"]

1.d4 Nf6 2.c4 e6 3.Nc3 Bb4 4.e3 b6 5.Ne2 Bb7 6.a3 Be7 7.f3 d5 8.cxd5 Nxd5 9.e4
Nxc3 10.Nxc3 O-O 11.Be3 Qc8 12.Bc4 Ba6 13.Ba2 Rd8 14.Qc2 Nd7 15.O-O-O c5 16.d5
c4 17.d6 Bf6 18.f4 Bxc3 19.Qxc3 Nc5 20.Bxc5 Qxc5 21.e5 Bb7 22.Rd2 b5 23.b4 Qb6
24.Bb1 a5 25.f5 axb4 26.axb4 exf5 27.Bxf5 h6 28.Bb1 Bc8 29.Rf1 Be6 30.Qc2 g6
31.Rf6 Qg1+ 32.Kb2 c3+ 33.Qxc3 Rdc8 {#R} 0-1

[Event "Tournament (open) \"]
[Site "masterchessopen.com Milan (Italy)"]
[Date "2010.02.14"]
[Round "5"]
[White "Olivieri Alessandro (ITA)"]
[Black "Primerano Carlo (ITA)"]
[Result "1-0"]
[WhiteElo "1937"]
[BlackElo "1769"]

1.d4 Nf6 2.c4 e6 3.Nc3 Bb4 4.e3 b6 5.Ne2 Bb7 6.a3 Bxc3+ 7.Nxc3 d6 8.Bd3 c5
9.O-O O-O 10.dxc5 bxc5 11.b4 Nbd7 12.Nb5 Ne5 13.Nxd6 cxb4 14.axb4 Nxd3 15.Qxd3
Ne4 16.Rd1 Qxd6 17.Qxd6 Nxd6 18.Rxd6 Rfd8 19.Rxd8+ Rxd8 20.Bb2 f6 21.b5 a6
22.b6 Rd2 23.Ba3 Kf7 24.c5 Ke8 25.Kf1 Kd7 26.Ke1 Rc2 27.Rd1+ Ke8 28.Rd6 e5
29.Re6+ Kd8 30.Re7 Kc8 31.Rc7+ Kb8 32.Rxg7 Ra2 33.Rg8+ Bc8 34.c6 Ra1+ 35.Ke2
Rxa3 36.b7 Ra2+ 37.Kf3 e4+ 38.Kxe4 {#r} 1-0

[Event "Bundesliga B East 2009/10"]
[Site "masterchessopen.com Austria"]
[Date "2010.02.20"]
[Round "7"]
[White "Zechner Andrea (AUT)"]
[Black "Ganauser Eduard (AUT)"]
[Result "0-1"]
[WhiteElo "1987"]
[BlackElo "2096"]

1.d4 Nf6 2.c4 e6 3.Nc3 Bb4 4.e3 b6 5.Ne2 Bb7 6.a3 Be7 7.Nf4 d6 8.d5 e5 9.Nh5
Nxh5 10.Qxh5 g6 11.Qh6 Bf8 12.Qh3 Bc8 13.Qg3 f5 14.e4 Qf6 15.Bd3 Bg7 16.f3 O-O
17.b4 a5 18.Rb1 axb4 19.axb4 Kh8 20.Qf2 Nd7 21.Nb5 Qd8 22.O-O Nf6 23.Bg5 Qd7
24.Qc2 c6 25.dxc6 Qxc6 26.exf5 Bxf5 27.Bxf5 gxf5 28.Rfd1 Ne8 29.Rd5 Rc8 30.Be7
Qxd5 31.Bxf8 Qxb5 32.Qxf5 Qxc4 33.Rd1 Bxf8 34.Qxf8+ Qg8 35.Qf5 Rc7 36.Rxd6
Nxd6 {#R} 0-1

[Event "Verbandsklasse B Muensterland 2009/10"]
[Site "masterchessopen.com Germany"]
[Date "2010.02.20"]
[Round "7"]
[White "Eiersbrock Robin (GER)"]
[Black "Merkentrup Ralf (GER)"]
[Result "1-0"]
[WhiteElo "1998"]
[BlackElo "1907"]

1.d4 Nf6 2.c4 e6 3.Nc3 Bb4 4.e3 b6 5.Ne2 Bb7 6.a3 Bxc3+ 7.Nxc3 O-O 8.Bd3 d5
9.O-O Nbd7 10.b4 c5 11.dxc5 bxc5 12.b5 Nb6 13.cxd5 exd5 14.Bb2 Qe7 15.a4 a5
16.Ne2 Rfc8 17.Rc1 Nfd7 18.Ng3 g6 19.Qg4 Kf8 20.Qf4 Ke8 21.Rfe1 c4 22.Be2 Nxa4
23.Bd4 Nac5 24.Bg4 Nd3 25.Qh6 Nxc1 26.Rxc1 c3 27.Qxh7 Qa3 28.Bxd7+ Kxd7
29.Qxf7+ Qe7 30.Qxg6 c2 31.Nf5 Qa3 32.Qf7+ Kd8 33.Bf6+ {#r} 1-0

[Event "Ch Belgium (team) 2009/10"]
[Site "masterchessopen.com Belgium"]
[Date "2010.02.28"]
[Round "9"]
[White "Van Der Burch Arie (NED)"]
[Black "Winants Luc (BEL)"]
[Result "0-1"]
[WhiteElo "2210"]
[BlackElo "2519"]

1.d4 Nf6 2.c4 e6 3.Nc3 Bb4 4.e3 b6 5.Ne2 Ne4 6.Qc2 Bb7 7.a3 Bxc3+ 8.Nxc3 Nxc3
9.Qxc3 O-O 10.Bd3 Qg5 11.Rg1 c5 12.Bd2 cxd4 13.exd4 Qh4 14.O-O-O d5 15.Kb1
dxc4 16.Bxc4 Nc6 17.Be3 Na5 18.Bd3 Rac8 19.Qd2 Be4 20.g3 Qg4 21.h3 Qf3 22.Bxe4
Qxe4+ 23.Qd3 Qd5 24.g4 Nc4 25.h4 b5 26.g5 b4 27.axb4 Rb8 28.Bd2 a5 29.g6 fxg6
30.Rg5 e5 31.f4 axb4 32.b3 Nxd2+ 33.Rxd2 Rxf4 34.Rxe5 Qf7 35.Rde2 Rf8 36.d5
Qa7 37.Re1 Rf2 38.R5e2 Ra8 39.Re8+ Rxe8 40.Rxe8+ Kf7 {#R} 0-1

[Event "It (open)"]
[Site "masterchessopen.com Blackpool (England)"]
[Date "2010.03.05"]
[Round "5"]
[White "Mitchell Martin (SCO)"]
[Black "Cannon Richard James (ENG)"]
[Result "1-0"]
[WhiteElo "2228"]
[BlackElo "2135"]

1.d4 e6 2.c4 Nf6 3.Nc3 Bb4 4.e3 b6 5.Ne2 Ne4 6.Qc2 Bb7 7.Nf4 c5 8.Bd3 Bxc3+
9.bxc3 d5 10.O-O O-O 11.cxd5 exd5 12.c4 Re8 13.cxd5 Bxd5 14.f3 Nf6 15.dxc5 Nc6
16.Bd2 Ne5 17.Bb5 Re7 18.Rad1 Qc7 19.Bb4 Bb7 20.c6 Ree8 21.Bd6 Qc8 22.Bxe5 a6
23.Ba4 b5 24.cxb7 Qxb7 25.Bxf6 bxa4 26.Qb2 Qxb2 27.Bxb2 Rxe3 28.Nh5 {#r} 1-0

[Event "It (open) (major)"]
[Site "masterchessopen.com Uxbridge (England)"]
[Date "2010.03.19"]
[Round "1"]
[White "Sathiraju Vijay (ENG)"]
[Black "Jenkins Graeme"]
[Result "0-1"]
[WhiteElo "1731"]
[BlackElo "1930"]

1.d4 Nf6 2.c4 e6 3.Nc3 Bb4 4.e3 b6 5.Ne2 Bb7 6.a3 Bxc3+ 7.Nxc3 O-O 8.Qc2 d5
9.cxd5 exd5 10.Bd3 Nbd7 11.O-O c5 12.f3 Rc8 13.Qf2 Re8 14.Nb5 Ba6 15.a4 c4
16.Be2 Bxb5 17.axb5 Rc7 18.Bd2 Nf8 19.Ra4 Qd7 20.Rb4 Ne6 21.Ra1 Re7 22.Bd1 Ne8
23.Qh4 Nd6 24.Ba4 Rc8 25.Re1 Nf5 26.Qh3 g6 27.g4 Nd6 28.f4 Ne4 29.Qg2 Rce8
30.Bc1 Qd6 31.Bd2 Nxd2 32.Qxd2 Nxf4 {#R} 0-1

[Event "Ch Romania (juniors) (under 12) (g)"]
[Site "masterchessopen.com Voineasa (Romania)"]
[Date "2010.04.09"]
[Round "3"]
[White "Bulmaga Elena (MDA)"]
[Black "Ciungan Diana-Alexandra"]
[Result "1-0"]
[WhiteElo "1767"]
[BlackElo "1632"]

1.d4 Nf6 2.c4 e6 3.Nc3 Bb4 4.e3 b6 5.Ne2 Bb7 6.a3 Bxc3+ 7.Nxc3 O-O 8.d5 Qe7
9.Be2 e5 10.e4 d6 11.O-O h6 12.Be3 Nbd7 13.b4 a5 14.Qb3 axb4 15.axb4 Nh7
16.Nb5 Ndf6 17.Nc3 Nd7 18.f3 Ndf6 19.c5 bxc5 20.bxc5 Rab8 21.Qc4 c6 22.dxc6
Bxc6 23.cxd6 Qxd6 24.Bc5 Qc7 25.Bxf8 Nxf8 26.Rfb1 Rc8 27.Nb5 Qb6+ 28.Kh1 Qf2
29.Na7 Bb5 30.Qxb5 Rc2 31.Bf1 Nh5 32.Qxe5 g6 33.Nb5 Rc5 34.Qb8 Rg5 35.g4 Qe3
36.Bg2 Nf4 37.Ra8 Ne6 38.Nc7 {#r} 1-0

[Event "Bundesliga 2009/10"]
[Site "masterchessopen.com Germany"]
[Date "2010.04.11"]
[Round "15"]
[White "Spoelman Wouter (NED)"]
[Black "Postny Evgeny (ISR)"]
[Result "1-0"]
[WhiteElo "2538"]
[BlackElo "2595"]

1.d4 Nf6 2.c4 e6 3.Nc3 Bb4 4.e3 b6 5.Ne2 Ne4 6.f3 Bxc3+ 7.bxc3 Nd6 8.c5 bxc5
9.dxc5 Nb7 10.Ba3 Qe7 11.Ng3 O-O 12.Bd3 Nxc5 13.O-O Qd6 14.Be2 Ba6 15.c4 Rc8
16.Qc1 Bb7 17.Rb1 Bc6 18.Rb5 Nba6 19.Ra5 Bb7 20.Bxc5 Nxc5 21.Qa3 Na6 22.c5
Nxc5 23.Rxc5 Bd5 24.Qc3 Rab8 25.Rd1 Qf8 26.Ba6 Rd8 27.Rxc7 Bc6 28.Rxa7 Ra8
29.Rxa8 Rxa8 30.Bc4 Qc5 31.Qd4 {#r} 1-0

[Event "Ch Flemish"]
[Site "masterchessopen.com Gent (Belgium)"]
[Date "2010.05.16"]
[Round "7"]
[White "Van Der Stricht Geert (BEL)"]
[Black "Docx Stefan (BEL)"]
[Result "1-0"]
[WhiteElo "2392"]
[BlackElo "2342"]

1.d4 Nf6 2.c4 e6 3.Nc3 Bb4 4.e3 b6 5.Ne2 Ne4 6.Bd2 Nxd2 7.Qxd2 O-O 8.a3 Bd6
9.g3 Bb7 10.d5 a5 11.Bg2 Na6 12.Na4 Nc5 13.Nxc5 bxc5 14.O-O e5 15.Nc3 Ba6
16.Rfc1 f5 17.Bf1 h5 18.Nb5 Bxb5 19.cxb5 h4 20.Rc4 hxg3 21.hxg3 e4 22.Rac1 Qe7
23.Ra4 Qg5 24.Bg2 Rf6 25.Rc2 Qh5 26.Qe2 Qf7 27.b4 cxb4 28.axb4 Bxb4 29.Rxc7
Qxd5 30.Bf1 Qd6 31.Qc2 Raf8 32.Ra1 Qe5 33.Rd1 d6 34.b6 Kh7 35.b7 d5 36.Rd7 Rd6
37.Qc7 Qf6 38.Rxd5 Rc6 {#r} 1-0

[Event "Ch Bulgaria (team)"]
[Site "masterchessopen.com Albena (Bulgaria)"]
[Date "2010.05.28"]
[Round "2"]
[White "Enchev Ivajlo (BUL)"]
[Black "Zhekov Zhivko (BUL)"]
[Result "1-0"]
[WhiteElo "2435"]
[BlackElo "2140"]

1.d4 Nf6 2.c4 e6 3.Nc3 Bb4 4.e3 b6 5.Ne2 Bb7 6.a3 Be7 7.d5 O-O 8.Ng3 d6 9.e4
c6 10.Be2 Re8 11.O-O Na6 12.dxc6 Bxc6 13.b4 Nc7 14.Qb3 d5 15.Rd1 dxc4 16.Qxc4
Bd7 17.Bf4 Rc8 18.Qb3 Rf8 19.Nb5 Nxb5 20.Bxb5 Bxb5 21.Rxd8 Rfxd8 22.h3 Rd3
23.Qb2 Ba4 24.Rc1 Rxc1+ 25.Bxc1 a5 26.Bd2 Nd7 27.Qc1 Bf6 28.bxa5 Nc5 29.axb6
Nb3 30.Qc8+ Rd8 31.b7 {#r} 1-0

[Event "It (open)"]
[Site "masterchessopen.com Saint-Affrique (France)"]
[Date "2010.07.26"]
[Round "3"]
[White "Colin Vincent (FRA)"]
[Black "Matrand Arnaud (FRA)"]
[Result "1-0"]
[WhiteElo "2439"]
[BlackElo "2121"]

1.d4 Nf6 2.c4 e6 3.Nc3 Bb4 4.e3 b6 5.Ne2 Bb7 6.a3 Bxc3+ 7.Nxc3 d5 8.cxd5 exd5
9.Bd3 O-O 10.O-O Nbd7 11.b4 c6 12.a4 a5 13.bxa5 Rxa5 14.Bd2 Ba6 15.Nb5 cxb5
16.Bxa5 bxa5 17.axb5 Bc8 18.Qa4 Nb6 19.Qxa5 Qd6 20.Rfc1 Ng4 21.h3 Qh2+ 22.Kf1
Qh1+ 23.Ke2 Qxg2 24.hxg4 Bxg4+ 25.Kd2 Qxf2+ 26.Kc3 Nc4 27.Bxc4 Rc8 28.Kb3
dxc4+ 29.Ka3 Bf3 30.Qc3 Qh2 31.Rc2 Qd6+ 32.Kb2 Be4 33.Rd2 Qd7 34.Ra5 Bd3
35.Ka1 Qf5 36.Rb2 Rb8 37.b6 Qd7 38.b7 h6 39.Ra8 Qd8 40.Qa5 {#r} 1-0

[Event "Ch Macedonia (team)"]
[Site "masterchessopen.com Struga (Macedonia)"]
[Date "2010.08.11"]
[Round "3"]
[White "Jacimovic Dragoljub (MKD)"]
[Black "Gjorgjieski Dejan (MKD)"]
[Result "1-0"]
[WhiteElo "2428"]
[BlackElo "2261"]

1.d4 Nf6 2.c4 e6 3.Nc3 Bb4 4.e3 b6 5.Ne2 Bb7 6.a3 Be7 7.d5 e5 8.Ng3 d6 9.Be2
O-O 10.O-O Re8 11.f4 Nbd7 12.f5 c6 13.e4 cxd5 14.cxd5 Rc8 15.Be3 h6 16.Rc1 a6
17.a4 Nh7 18.b4 Bg5 19.Qd2 Bxe3+ 20.Qxe3 Qg5 21.Qxg5 Nxg5 22.Nb1 Rxc1 23.Rxc1
Rc8 24.Rxc8+ Bxc8 25.Nd2 Kf8 26.f6 Nxf6 27.h4 Ngh7 28.Nc4 Ne8 29.Nxb6 Bb7
30.Nd7+ Ke7 31.Nb8 g6 32.Bxa6 Ba8 33.b5 Nc7 34.b6 Nxa6 35.Nxa6 Nf6 36.Nc7 Bb7
37.a5 Nd7 38.a6 Bxa6 39.Nxa6 Nxb6 40.Kf2 {#r} 1-0

[Event "Ch Serbia (team) (w)"]
[Site "masterchessopen.com Novi Sad (Serbia)"]
[Date "2010.08.28"]
[Round "6"]
[White "Dzagnidze Nana (GEO)"]
[Black "Rudolf Anna (HUN)"]
[Result "1-0"]
[WhiteElo "2534"]
[BlackElo "2366"]

1.d4 e6 2.c4 Nf6 3.Nc3 Bb4 4.e3 b6 5.Ne2 Ne4 6.Qc2 Bb7 7.a3 Nxc3 8.axb4 Nxe2
9.Bxe2 Bxg2 10.Rg1 Bb7 11.Rxg7 Qh4 12.d5 Qxh2 13.Bf3 Qe5 14.Rxf7 Kxf7 15.dxe6+
Kxe6 16.Bxb7 Nc6 17.Bxa8 Rxa8 18.Bd2 Nd4 19.Qd3 Nf3+ 20.Ke2 Nxd2 21.Qxd2 Qh5+
22.Kd3 d5 23.Kc3 c6 24.f4 a5 25.bxa5 bxa5 26.Qd4 a4 27.Qb6 d4+ 28.Kxd4 Qe8
29.Rh1 Rd8+ 30.Kc3 h5 31.Rxh5 Qxh5 32.Qxd8 Qe2 33.Qd2 Qf3 34.Kb4 Qe4 35.Qc3
{#r} 1-0

[Event "Ch Russia (Higher League) (w)"]
[Site "masterchessopen.com St. Petersburg (Russia)"]
[Date "2010.08.30"]
[Round "5"]
[White "Kashlinskaya Alina (RUS)"]
[Black "Markelova Lubov (RUS)"]
[Result "1-0"]
[WhiteElo "2358"]
[BlackElo "2071"]

1.d4 Nf6 2.c4 e6 3.Nc3 Bb4 4.e3 b6 5.Ne2 Bb7 6.a3 Be7 7.d5 e5 8.Ng3 a5 9.e4
Bc5 10.Qf3 d6 11.Nf5 O-O 12.Bh6 g6 13.Bxf8 Kxf8 14.Ng3 h5 15.Bd3 Bc8 16.h3 h4
17.Nf1 Nh5 18.Nd2 Nf4 19.Ne2 Qf6 20.O-O Nxh3+ 21.gxh3 Qg5+ 22.Kh2 Qxd2 23.b4
axb4 24.axb4 Rxa1 25.Rxa1 Bxf2 26.Ra8 Bg3+ 27.Kg2 Bd7 28.Qf6 Qxd3 29.Rxb8+ Be8
30.Qh8+ Ke7 31.Qxe8+ {#r} 1-0

[Event "It (open)"]
[Site "masterchessopen.com Sabadell (Spain)"]
[Date "2010.09.07"]
[Round "6"]
[White "Peralta Fernando (ARG)"]
[Black "Kovaliov Anton (ARG)"]
[Result "1-0"]
[WhiteElo "2572"]
[BlackElo "2607"]

1.d4 Nf6 2.c4 e6 3.Nc3 Bb4 4.e3 b6 5.Ne2 Bb7 6.a3 Bd6 7.Qc2 c5 8.d5 exd5
9.cxd5 O-O 10.Ng3 Re8 11.Be2 Be5 12.e4 d6 13.O-O a6 14.f4 Bd4+ 15.Kh1 b5
16.Bf3 c4 17.Nf5 Bc5 18.g4 g6 19.Nh6+ Kg7 20.g5 Ng8 21.Ng4 Nd7 22.Ne2 h5
23.gxh6+ Kh7 24.Qc3 f6 25.Ng3 Qe7 26.h4 Qf7 27.f5 Ne7 28.fxg6+ Nxg6 29.Bg2
Nge5 30.Nxf6+ Nxf6 31.Bg5 Neg4 32.Bxf6 Nf2+ 33.Rxf2 Bxf2 34.e5 Kg8 35.Be4 Qd7
36.h7+ Kf7 37.h8=N+ Kg8 38.Kg2 dxe5 39.Kxf2 Rf8 40.Nh5 {#r} 1-0

[Event "Olympiad (w)"]
[Site "masterchessopen.com Khanty Mansyisk (Russia)"]
[Date "2010.09.21"]
[Round "1"]
[White "Dzagnidze Nana (GEO)"]
[Black "Koskoska Gabriela (MKD)"]
[Result "1-0"]
[WhiteElo "2534"]
[BlackElo "2142"]

1.d4 Nf6 2.c4 e6 3.Nc3 Bb4 4.e3 b6 5.Ne2 Bb7 6.a3 Bxc3+ 7.Nxc3 O-O 8.Bd3 d5
9.O-O Nbd7 10.b4 c5 11.dxc5 bxc5 12.cxd5 exd5 13.Bb2 Qe7 14.Ne2 Rfd8 15.Ng3 g6
16.Bb5 a6 17.Bxd7 Nxd7 18.bxc5 Qxc5 19.Rc1 Qb6 20.Bd4 Qd6 21.Ba1 Ne5 22.Qd4 f6
23.f4 Nc6 24.Qxf6 Qxf6 25.Bxf6 Re8 26.Rb1 Bc8 27.Rfc1 Na5 28.Rc7 Re6 29.Bd4
Nc6 30.Rc1 Ne7 31.a4 Rb8 32.Ba7 Rb7 33.Rxc8+ Nxc8 34.Rxc8+ Kf7 35.Bd4 Rb4
36.Rc7+ Ke8 37.a5 h5 38.f5 gxf5 39.Nxh5 Re7 40.Rxe7+ {#r} 1-0

[Event "Ch Provincial (final)"]
[Site "masterchessopen.com Ciego de Avila (Cuba)"]
[Date "2010.10.19"]
[Round "5"]
[White "Sanchez Alnvarez Roberto C (CUB)"]
[Black "Ulloa Luis (CUB)"]
[Result "1-0"]
[WhiteElo "2307"]
[BlackElo "2063"]

1.d4 Nf6 2.c4 e6 3.Nc3 Bb4 4.e3 b6 5.Ne2 Bb7 6.a3 Be7 7.d5 O-O 8.e4 exd5
9.cxd5 d6 10.g3 Nbd7 11.Bg2 Ba6 12.O-O Re8 13.Re1 Nc5 14.Nd4 Nd3 15.Re3 Nxc1
16.Rxc1 Qd7 17.b3 Bb7 18.Ncb5 Rec8 19.Nc6 Bxc6 20.Rxc6 a6 21.Nd4 Re8 22.f4 Bf8
23.Rcc3 g6 24.Nc6 Rac8 25.Qf3 Nh5 26.g4 Ng7 27.f5 gxf5 28.gxf5 f6 29.Bf1 Ra8
30.Rc2 Be7 31.Rg2 Kh8 32.Qh3 {#r} 1-0

[Event "Ch Netherlands (team) 2010/11"]
[Site "masterchessopen.com Netherlands"]
[Date "2010.12.11"]
[Round "4"]
[White "Spoelman Wouter (NED)"]
[Black "Kollen Zyon (NED)"]
[Result "1-0"]
[WhiteElo "2538"]
[BlackElo "2046"]

1.d4 e6 2.c4 Nf6 3.Nc3 Bb4 4.e3 b6 5.Ne2 Ne4 6.Qc2 Bb7 7.a3 Bxc3+ 8.Nxc3 Nxc3
9.Qxc3 O-O 10.b4 d6 11.Bb2 f5 12.d5 e5 13.Bd3 Nd7 14.O-O Qe7 15.f4 e4 16.Be2
Rf6 17.Rfd1 a5 18.Qe1 Rff8 19.g4 h6 20.gxf5 Nf6 21.Kh1 Bc8 22.Qg3 Bxf5 23.Rg1
axb4 24.axb4 Rxa1 25.Rxa1 Rc8 26.h3 Qd8 27.Rg1 Qe7 28.Bg4 Bxg4 29.hxg4 Nh7
30.g5 hxg5 31.fxg5 g6 32.Qh3 Rf8 33.Qh6 Qf7 34.Bf6 Ra8 35.Rg4 b5 36.cxb5 Rb8
37.Kh2 Re8 38.Rf4 Ra8 39.Bd4 Ra2+ 40.Kg3 {#r} 1-0

[Event "It (cat.3)"]
[Site "masterchessopen.com Wroclaw (Poland)"]
[Round "8"]
[White "Matuszewski Michal (POL)"]
[Black "Malinovsky Karel (CZE)"]
[Result "1-0"]
[WhiteElo "2361"]
[BlackElo "2339"]

1.d4 Nf6 2.c4 e6 3.Nc3 Bb4 4.e3 b6 5.Ne2 Bb7 6.a3 Be7 7.Nf4 O-O 8.Be2 c5 9.d5
e5 10.Nd3 e4 11.Nf4 Bd6 12.Qc2 Re8 13.Bd2 Na6 14.h4 Be5 15.g4 d6 16.g5 Bxc3
17.Bxc3 Nd7 18.O-O-O b5 19.cxb5 Nc7 20.h5 c4 21.g6 fxg6 22.hxg6 h6 23.Ba5 Nb6
24.Kb1 Nxb5 25.Nh5 Qd7 26.Rhg1 Bc8 27.Bg4 Qb7 28.a4 Qa6 29.Bxc8 Rexc8 30.Qxe4
Qxa5 31.Nf6+ Kh8 32.Rh1 Rc7 33.Qf4 {#r} 1-0

[Event "Ch Iran"]
[Site "masterchessopen.com Tabriz (Iran)"]
[Date "2011.01.05"]
[Round "6"]
[White "Darini Pouria (IRI)"]
[Black "Sharbaf Mohsen (IRI)"]
[Result "1-0"]
[WhiteElo "2470"]
[BlackElo "2389"]

1.d4 Nf6 2.c4 e6 3.Nc3 Bb4 4.e3 b6 5.Ne2 Ne4 6.Bd2 Nxd2 7.Qxd2 Bb7 8.a3 Be7
9.Nf4 O-O 10.Bd3 Bd6 11.O-O-O Nc6 12.Qc2 g6 13.Nfe2 Be7 14.h4 Bxh4 15.g3 Bf6
16.f4 Ne7 17.e4 Bg7 18.g4 f5 19.Rdg1 d5 20.cxd5 fxe4 21.Nxe4 Nxd5 22.Bc4 Qe8
23.Qb3 h6 24.f5 b5 25.Bxb5 Bc6 26.Bc4 Rb8 27.Qd3 Kh8 28.Qd2 Rf6 29.fxg6 Rf3
30.Rxh6+ Kg8 31.g5 Qf8 32.N2c3 Qf5 33.Qh2 Bxh6 34.gxh6 {#r} 1-0